| 000 | 00642nam a22001937a 4500 | ||
|---|---|---|---|
| 003 | OSt | ||
| 005 | 20251009051200.0 | ||
| 008 | 251009b |||||||| |||| 00| 0 eng d | ||
| 020 | _a9786218179576 | ||
| 040 |
_aDWCL-Main lib _cOC |
||
| 082 | _aFil. 658.5 M188o 2022 | ||
| 100 | _aMagpantay, Don M. | ||
| 245 |
_aOperations Management in Tourism and Hospitality Industry/ _cDon M. Magpantay |
||
| 260 |
_aManila, Philippine : _bEDRIC Publishing House, _cc2022 |
||
| 300 |
_a103 pages : _b illustrations ; _c25cm |
||
| 504 | _aIncludes bibliographical references | ||
| 650 | _a1. Production Management | ||
| 942 |
_2ddc _cBK - FIL _kFil. _n0 |
||
| 999 |
_c4776 _d4776 |
||